Music Quiz

Random Music or Lyrics Quiz

'Nothing Compares 2 U' Lyrics Quiz Stats

 Plays Quiz Updated Jul 7, 2014

Support Sporcle.
Go Orange.
Score 0/197 Timer 08:00
1 Play Today
% Correct
you
98.6%
you
98.6%
you.
98.6%
you
98.6%
you.
98.6%
you
98.6%
you
98.6%
you.
98.6%
you
98.6%
you
98.6%
you,
98.6%
you (x3)
98.6%
to
98.2%
to
98.2%
to
98.2%
to
98.2%
to
98.2%
to
98.2%
I
97.3%
I
97.3%
I
97.3%
I
97.3%
I
97.3%
I
97.3%
I
97.3%
I
97.3%
I
97.3%
I
97.3%
I
97.3%
I
97.3%
nothing,
96.8%
nothing,
96.8%
nothing
96.8%
nothing
96.8%
Nothing
96.8%
nothing
96.8%
nothing
96.8%
Nothing
96.8%
Nothing
96.8%
compares,
96.4%
compares
96.4%
compares,
96.4%
compares
96.4%
compares
96.4%
compares
96.4%
a
95.8%
a
95.8%
a
95.8%
a
95.8%
no
95.7%
and
91.2%
and
91.2%
and
91.2%
it
87.9%
the
86.6%
the
86.6%
the
86.6%
love
84.4%
love
84.4%
do
82.8%
do,
82.8%
been
82.8%
been
82.8%
been
82.8%
It's
82.8%
It's
82.7%
% Correct
day,
82.4%
can
81.4%
can
81.4%
can
81.4%
can
81.4%
can
81.4%
your
81.4%
your
81.4%
go
81.2%
go
81.2%
away.
80.4%
away.
80.4%
away
80.4%
away.
80.4%
me
79.8%
me
79.8%
what
79.8%
me
79.8%
what
79.8%
me.)
79.8%
what
79.8%
in
79.5%
in
79.5%
since
79.4%
since
79.4%
Since
79.4%
days,
78%
hours
77.4%
he
75.8%
he
75.8%
He
75.8%
my
75.6%
my
75.6%
seven
75.4%
but
75.4%
but
75.4%
but
75.4%
but
75.4%
took
73.9%
took
73.9%
fifteen
73.5%
all
72.8%
All
72.8%
all
72.8%
gone
70.6%
want.
70.2%
you've
68.7%
night
68.3%
out
67.9%
said
67.7%
said
67.7%
every
67.6%
every
67.6%
so
67.1%
'Cause
65.1%
'Cause
65.1%
take
64.2%
whatever
63.8%
went
63.6%
went
63.6%
sleep
62.9%
restaurant,
62.7%
fancy
62.6%
eat
61.3%
that
61.3%
that
61.3%
% Correct
see
60.9%
see,
60.9%
with
60.6%
dinner
60%
have
59.9%
told
56.4%
told
56.4%
when
56.3%
these
56.3%
these
56.3%
from
55.1%
Where
54.8%
guess
52.7%
(Guess
52.7%
doctor
52.3%
matter
51.2%
without
50.8%
without
50.8%
girl
50.5%
blues.
50.3%
here,
49.8%
lonely
49.2%
lonely
49.2%
he's
48.1%
try
47.7%
try.
47.7%
fool.
47.2%
know
46.2%
of
45.4%
did
45.4%
choose.
45.1%
whomever
43.9%
tears
43.7%
like
43.6%
fun
43.6%
baby:
43.5%
baby,
43.5%
stop
42.8%
better
42.7%
flowers
42.3%
was
41.7%
I'm
40.9%
boy
40.6%
falling.
40.2%
hard,
39.5%
wrong?
39.3%
give
39%
Tell
38.9%
could
38.3%
backyard,
37.7%
planted,
36.6%
died
36.1%
around
34.9%
put
34.1%
living
33.7%
another
33%
sometimes
32.6%
arms
31.5%
remind
31.3%
only
29.9%
willing
29.6%
song.
29.5%
bird
29.3%
Mama,
28.8%
they'd
17.2%

From the Vault

Clicktion on the Fiction: (1960s)

by MSUKent

During the Cold War, there sure was some hot writing.
Remove Ads.
Support Sporcle.
Get the best of Sporcle when you Go Orange. This ad-free experience offers more features, more stats, and more fun while also helping to support Sporcle. Thank you for becoming a member.

Show Comments

Extras

Top Quizzes Today


Score Distribution

Your Account Isn't Verified!

In order to create a playlist on Sporcle, you need to verify the email address you used during registration. Go to your Sporcle Settings to finish the process.

Report this User

Report this user for behavior that violates our Community Guidelines.

Details: